000 01079nam a22002657a 4500
005 20130508105054.0
010 _aENG-107060
020 _a9788132107071
_c895.00
035 _aEN-90593
037 _bDBAD/PUB
082 0 0 _a940.53145
_223
100 1 _aBhattacharjee, Anuradha
245 1 4 _aThe second homeland :
_bPolish refugees in India /
_cby Anuradha Bhattacharjee ; with the Chronicle of Franek Herzog
260 _aNew Delhi
_bSAGE Publications
_c2012
270 _aB1/I-1 Mohan Cooperative Industrial Area , Mathura Road
_bNew Delhi
_e110044
300 _axxvi, 322 p. :
_bill. (some col.), maps
_c23 cm(Hb)
500 _aIncludes bibliographical references (p. [311]-315) and index.
650 0 _aPolish people
_zIndia
_xHistory
_y20th century.
650 0 _aWorld War, 1939-1945
_xDeportations from Poland.
650 0 _aWorld War, 1939-1945
_xDeportations from Soviet Union.
650 0 _aRefugees
_zSoviet Union
_xHistory.
650 0 _aRefugees
_zIndia
_xHistory
_y20th century.
700 1 _aHerzog, Franek
942 _2ddc
_cEN
_h940.53145
_mBHA
999 _c75213
_d75213